000 00612nam a2200181Ia 4500
008 100921s9999 xx 000 0 und d
082 _b37118
_a891.463 न 02
100 _aमहाजन भास्कर.
245 _aतळघरात.
260 _bपार्टनर प्रकाशन, मुंबई.
_c2002
300 _a236
_bकलाभारती वितरण,पुणे
365 _b210
520 _aललित-कादंबरी.
630 _aतळघरात.
650 _aललित-कादंबरी.
730 _aतळघरात.
942 _cBOOK
999 _c786231
_d786228